logo

Bir Sreshtho Munshi Abdur Rouf Library
Jhenaidah Cadet College

রুশদেশের রূপকথা / (Record no. 12943)

MARC details
000 -LEADER
fixed length control field 00854nam a2200265 a 4500
001 - CONTROL NUMBER
JCCL Control Number 1
003 - CONTROL NUMBER IDENTIFIER
JCCL marc code BD-JhCC
005 - DATE AND TIME OF LATEST TRANSACTION
control field 20230605175041.0
008 - FIXED-LENGTH DATA ELEMENTS--GENERAL INFORMATION
fixed length control field 230605s2019 b |||| |||| 000 0 b d
020 ## - INTERNATIONAL STANDARD BOOK NUMBER
International Standard Book Number 9789849374237
035 ## - SYSTEM CONTROL NUMBER
system control number (BD-JhCC)
040 ## - CATALOGING SOURCE
Original cataloging agency BD-JhCC
Modifying agency BD-JhCC
041 ## - LANGUAGE CODE
Language code of Book ben
082 ## - DEWEY DECIMAL CLASSIFICATION NUMBER
Classification number 398.20947
Author mark and Year RUS 2019
245 ## - TITLE STATEMENT
Title রুশদেশের রূপকথা /
Statement of responsibility, etc সম্পাদনায় ভবেশ রায় এবং মিলন নাথ
260 ## - PUBLICATION, DISTRIBUTION, ETC. (IMPRINT)
Place of publication, distribution, etc ঢাকা :
Name of publisher, distributor, etc পান্ডুলিপি,
Date of publication, distribution, etc ২০১৯
300 ## - PHYSICAL DESCRIPTION
Pagination ৬৪ পৃ. :
Dimensions ২১ সেমি.
650 ## - SUBJECT ADDED ENTRY--TOPICAL TERM
Topical term or geographic name as entry element Fairy tales
Geographic subdivision Russia
650 ## - SUBJECT ADDED ENTRY--TOPICAL TERM
Topical term or geographic name as entry element Folk literature, Russian
650 ## - SUBJECT ADDED ENTRY--TOPICAL TERM
Topical term or geographic name as entry element Erotic stories, Russian
650 ## - SUBJECT ADDED ENTRY--TOPICAL TERM
Topical term or geographic name as entry element Folklore
700 ## - ADDED ENTRY--PERSONAL NAME
Personal name রায়, ভবেশ
700 ## - ADDED ENTRY--PERSONAL NAME
Personal name নাথ, মিলন
942 ## - ADDED ENTRY ELEMENTS (KOHA)
Source of classification or shelving scheme Dewey Decimal Classification
Koha item type Books
Holdings
Source of classification or shelving scheme volume number Damaged status Not for loan Home library Current library Shelving location Date of accession Source of acquisition Cost, normal purchase price Full call number Barcode Date last seen Copy number Method of acquisition Koha item type Currency
Dewey Decimal Classification V-3     JCC Rouf Library JCC Rouf Library General Stacks 06/05/2023 জাতীয় গ্রন্থকেন্দ্র 75.00 398.20947 RUS 2019 17917 06/05/2023 C-1 Purchase Books BDT

JCC Library | Contacts | JCC Home

Last Update on 23 September 2017
Copyright @ 2017-2020 JCC Rouf Library
Rouf Library, Jhenidah Cadet College (JCC), Bangladesh